| 000 | 00957nam a22002897a 4500 | ||
|---|---|---|---|
| 999 |
_c3061 _d3061 |
||
| 003 | AR-CdUCM | ||
| 008 | 190305b ||||| |||| 00| 0 spa d | ||
| 040 |
_aMUNICIPALIDAD PROVINCIAL DEL CUSCO _cBIBLIOTECA MUNICIPAL DEL CUSCO |
||
| 041 | _heng | ||
| 082 |
_a327 / _bB39 |
||
| 100 |
_aBerman, M. R _910390 |
||
| 245 |
_aDiplomaticos sin Embajada : _bUna Ayuda para la humanidad / |
||
| 260 |
_aBuenos Aires : _bEdiciones Tres Tiempos, _c1977 |
||
| 300 |
_a223 paginas ; _c20cm. |
||
| 440 |
_aColeccion Ensayos _n17 _910391 |
||
| 500 | _aLibros del Hoy Candente | ||
| 505 | _aContenido- El papel preponderante de la diplomacia oficiosa -- Las reuniones de Darmouth | ||
| 650 |
_aDiplomaticos _910392 |
||
| 650 |
_aEnsayos _91010 |
||
| 650 |
_aArgentina _9511 |
||
| 650 |
_aSiglo XX _98 |
||
| 700 |
_aAlvarez, Marta _910393 |
||
| 700 |
_aRipple, Mauro _910394 |
||
| 700 |
_aOrríes e Ibars, José C. _910395 |
||
| 942 |
_2ddc _cLIBROS |
||
| 945 | _apjha | ||